000 00408nam a22001457a 4500
008 230228b |||||||| |||| 00| 0 eng d
020 _a978-0-670-09228-4
082 _a324.954
100 _aS.Y. Quraishi
245 _aThe Great March of Democracy:
_bSeven decades of India's Elections
260 _bIndia Viking,
_c2019
300 _a296 p.
_c24 cm
942 _2ddc
999 _c9367
_d9368